000 00459nam a2200157 i 4500
001 50017
003 ES-MaACL
005 20230906162113.0
007 t|
008 030728s1965 sp ||||1| spa d
100 1 _aCriado de Val, Manuel.
_941605
245 1 0 _aDe la Edad Media al Siglo de Oro /
_cManuel Criado de Val.
260 _aMadrid :
_bPublicaciones Españolas,
_c1965.
300 _a154 p., 20 lám., 1 plan.
852 _aES-MaACL
_jC-27947
_bR.56929
999 _c50017
_d50017